Poèmes
Saved in:
| Hovedforfatter: | |
|---|---|
| Format: | Bog |
| Sprog: | fransk tysk |
| Udgivet: |
París
Les Lettres
1956
|
| Serier: | collection Parallele
|
| Fag: | |
| Tags: |
Tilføj Tag
Ingen Tags, Vær først til at tagge denne postø!
|
MARC
| LEADER | 00000nam a2200000 a 4500 | ||
|---|---|---|---|
| 001 | UCO5123 | ||
| 003 | CL-VaPUC | ||
| 008 | 000825e19560000FR |||||||||||||||||fre|d | ||
| 041 | 0 | 7 | |a fre |2 CL-VaPUC |
| 041 | 0 | 7 | |a ger |2 CL-VaPUC |
| 082 | 0 | 4 | |a 831 |b BEN |2 21 |
| 100 | 0 | |a Benn, Gottfried |e author |9 449866 | |
| 245 | 1 | 0 | |a Poèmes |
| 300 | |a 159 p | ||
| 942 | |c BK | ||
| 945 | |d 20000825 00:00:00 |a crobeson | ||
| 260 | |a París |b Les Lettres |c 1956 | ||
| 650 | 7 | |a POESIAS ALEMANAS |2 CL-VaPUC |9 449867 | |
| 650 | 0 | |a Literatura alemana |9 265457 | |
| 583 | |a last modification |c 20000825 00:00:00 |k Rodrigo Vera | ||
| 490 | 0 | |a collection Parallele | |
| 999 | |c 291076 |d 291074 | ||
| 952 | |0 0 |1 0 |4 0 |6 831_000000000000000_BEN_1956 |7 0 |8 A |9 340735 |a BIBART |b BIBART |d 2019-11-20 |i 1219251 |o 831 BEN 1956 |p 1219251 |r 2025-03-13 |w 2019-11-20 |y BK |k ART | ||